| 000 | 01009cam a22002655a 4500 | ||
|---|---|---|---|
| 001 | 17553171 | ||
| 005 | 20160120111324.0 | ||
| 008 | 121207s2013 nyu frb 000 0 eng d | ||
| 020 | _a1594205450 | ||
| 020 | _z9781594205453 | ||
| 040 |
_aDLC _beng _cDLC _dEG-ScBUE |
||
| 082 | 0 | 4 |
_a306.091724 _222 _bFER |
| 100 | 1 |
_aFerguson, Niall. _936876 |
|
| 245 | 1 | 4 |
_aThe great degeneration : _bhow institutions decay and economies die / _cNiall Ferguson. |
| 260 |
_aNew York : _bPenguine Press, _c2013. |
||
| 300 |
_a174 p. ; _c22 cm. |
||
| 504 | _aBibliography : p. 155-174. | ||
| 650 | 7 |
_aSocial institutions _zDeveloped countries. _2BUEsh _939094 |
|
| 650 | 7 |
_aCivil society _zDeveloped countries. _2BUEsh _939095 |
|
| 650 | 7 |
_aRegression (Civilization) _2BUEsh _939097 |
|
| 651 | 7 |
_aDeveloped countries _xSocial conditions _y21st century. _2BUEsh _939098 |
|
| 651 | 7 |
_aDeveloped countries _xEconomic conditions _y21st century. _2BUEsh _939099 |
|
| 653 |
_bBUSADM _cJuly2015 _cJanuary2016 |
||
| 942 |
_2ddc _k306.091724 FER |
||
| 999 |
_c20143 _d20115 |
||